[Event "Independence Cup"]
[Site "Kyiv UKR"]
[Date "2010.08.21"]
[Round "10"]
[White "Golubka, Petro"]
[Black "Bortnik, Nikolai"]
[Result "1-0"]
[WhiteElo "2362"]
[BlackElo "2147"]
[WhiteFideId "-1"]
[BlackFideId "-1"]
[PlyCount "99"]
[GameId "2129405076575072"]
[EventDate "2010.08.12"]
[EventType "swiss"]
[EventRounds "11"]
[EventCountry "UKR"]

1. c4 f5 2. Nf3 Nf6 3. g3 d6 4. d4 g6 5. b4 Bg7 6. Bb2 O-O 7. Bg2 h6 8. O-O Qe8 9. Nbd2 g5 10. Qc2 Nc6 11. b5 Nd8 12. a4 f4 13. d5 e5 14. dxe6 Nxe6 15. a5 Nc5 16. Nb3 Nce4 17. a6 bxa6 18. Bxf6 Nxf6 19. Nxg5 hxg5 20. Bxa8 Ng4 21. Bd5+ Kh8 22. h3 Nh6 23. g4 Bxa1 24. Rxa1 Qe5 25. bxa6 Kg7 26. Rd1 Re8 27. Bf3 Nf7 28. Nd4 Qf6 29. Nb5 Re7 30. Nxa7 Bxa6 31. Qa4 d5 32. Nc6 Bxc4 33. Nxe7 Qxe7 34. Bxd5 Bxd5 35. Qd4+ Kg8 36. Qxd5 Qxe2 37. Rc1 Qe7 38. Qc4 Qa3 39. Qc3 Qd6 40. Qxc7 Qd3 41. Qc8+ Kh7 42. Qb7 Kg7 43. Rc7 Qg6 44. Kg2 Qf6 45. Rxf7+ Qxf7 46. Qxf7+ Kxf7 47. h4 gxh4 48. Kh3 Kf6 49. Kxh4 Kf7 50. Kg5 1-0

[Event "Independence Cup"]
[Site "Kyiv UKR"]
[Date "2010.08.22"]
[Round "11"]
[White "Omelja, Artem"]
[Black "Golubka, Petro"]
[Result "1/2-1/2"]
[WhiteElo "2241"]
[BlackElo "2362"]
[WhiteFideId "-1"]
[BlackFideId "-1"]
[PlyCount "77"]
[GameId "2129405076575107"]
[EventDate "2010.08.12"]
[EventType "swiss"]
[EventRounds "11"]
[EventCountry "UKR"]

1. d4 Nf6 2. c4 g6 3. Nc3 Bg7 4. e4 O-O 5. Be2 d6 6. Nf3 Nc6 7. O-O e5 8. d5 Ne7 9. b4 a5 10. Ba3 axb4 11. Bxb4 Nd7 12. a4 Re8 13. Re1 Bf8 14. Bf1 b6 15. Nb5 Nc5 16. a5 c6 17. dxc6 Nxc6 18. Bxc5 bxc5 19. Qd5 Ra6 20. Red1 Nb4 21. Qd2 Nc6 22. Qd5 Nb4 23. Qd2 h6 24. h3 Bb7 25. Qe2 Re6 26. Nd2 h5 27. Nb1 h4 28. Nd2 Be7 29. Nb3 Qc8 30. Nd2 Kg7 31. Nb3 Rf6 32. Rd2 Rf4 33. Nc3 f5 34. g3 hxg3 35. fxg3 Rxe4 36. Nxe4 Bxe4 37. Bg2 Bxg2 38. Qxg2 Bg5 $2 39. Re2 1/2-1/2

[Event "Kiev Independence Cup-A 10th"]
[Site "Kiev"]
[Date "2010.08.12"]
[Round "1"]
[White "Moroz, Yuri"]
[Black "Golubka, Petro"]
[Result "0-1"]
[WhiteElo "2078"]
[BlackElo "2362"]
[WhiteFideId "-1"]
[BlackFideId "-1"]
[PlyCount "58"]
[GameId "1166653435559936"]
[EventDate "2010.08.12"]
[EventType "swiss"]
[EventRounds "11"]
[EventCountry "UKR"]
[SourceTitle "CBM 138 Extra"]
[Source "ChessBase"]
[SourceDate "2010.10.29"]
[SourceVersion "1"]
[SourceVersionDate "2010.10.29"]
[SourceQuality "1"]

1. c4 c5 2. Nc3 e6 3. g3 Nf6 4. Bg2 Be7 5. Nf3 O-O 6. O-O a6 7. d3 d6 8. Rb1 Nbd7 9. a3 Qc7 10. b4 h6 11. Bd2 Rd8 12. Qc1 Bf8 13. Rd1 Rb8 14. Be1 b6 15. Nd2 Ng4 16. h3 Nge5 17. Nf3 Nc6 18. b5 Ne7 19. bxa6 Bxa6 20. Bd2 Nf6 21. Rb3 Ng6 22. Qb2 d5 23. cxd5 exd5 24. Na4 b5 25. Rb1 c4 26. Qc2 bxa4 27. Rxb8 Rxb8 28. Rxb8 Qxb8 29. Qxa4 Qb5 0-1

[Event "Kiev Independence Cup-A 10th"]
[Site "Kiev"]
[Date "2010.08.13"]
[Round "2"]
[White "Golubka, Petro"]
[Black "Karnaukh, Anatolij"]
[Result "1-0"]
[WhiteElo "2362"]
[BlackElo "2195"]
[WhiteFideId "-1"]
[BlackFideId "-1"]
[PlyCount "53"]
[GameId "1166653435637760"]
[EventDate "2010.08.12"]
[EventType "swiss"]
[EventRounds "11"]
[EventCountry "UKR"]
[SourceTitle "CBM 138 Extra"]
[Source "ChessBase"]
[SourceDate "2010.10.29"]
[SourceVersion "1"]
[SourceVersionDate "2010.10.29"]
[SourceQuality "1"]

1. e4 e5 2. Nc3 Nf6 3. g3 Bb4 4. Bg2 O-O 5. Nge2 c6 6. a3 Ba5 7. O-O d5 8. exd5 cxd5 9. d4 e4 10. Bg5 Be6 11. Nf4 Bxc3 12. bxc3 Nbd7 13. c4 h6 14. Bxf6 Nxf6 15. Rb1 b6 16. f3 Rc8 17. fxe4 Bg4 18. Qd2 Nxe4 19. Qd3 Nd6 20. Bxd5 Bf5 21. Qb3 Nxc4 22. Rf2 b5 23. g4 Bh7 24. Qf3 Qd6 25. Rxb5 Nxa3 26. Rc5 Rxc5 27. dxc5 1-0

[Event "Kiev Independence Cup-A 10th"]
[Site "Kiev"]
[Date "2010.08.14"]
[Round "3"]
[White "Solomaha, Andrey"]
[Black "Golubka, Petro"]
[Result "0-1"]
[WhiteElo "2308"]
[BlackElo "2362"]
[WhiteFideId "-1"]
[BlackFideId "-1"]
[PlyCount "78"]
[GameId "1166653435813888"]
[EventDate "2010.08.12"]
[EventType "swiss"]
[EventRounds "11"]
[EventCountry "UKR"]
[SourceTitle "CBM 138 Extra"]
[Source "ChessBase"]
[SourceDate "2010.10.29"]
[SourceVersion "1"]
[SourceVersionDate "2010.10.29"]
[SourceQuality "1"]

1. e4 e5 2. Bc4 Nf6 3. d3 Nc6 4. Nf3 h6 5. Bb3 d6 6. c3 g6 7. Nbd2 Bg7 8. O-O O-O 9. Re1 a6 10. h3 Na5 11. Bc2 c5 12. d4 exd4 13. cxd4 cxd4 14. Nxd4 Re8 15. N2f3 b5 16. a4 b4 17. Bd2 Qb6 18. Qc1 g5 19. Re2 Nc4 20. Bd3 Ne5 21. Nxe5 Rxe5 22. Nf3 Rc5 23. Qe1 g4 24. hxg4 Bxg4 25. Re3 a5 26. Nh2 Be6 27. Rg3 Nh5 28. Rxg7+ Nxg7 29. Bxh6 Rh5 30. Be3 Qd8 31. g3 Rc8 32. Qe2 Qf6 33. f4 Qg6 34. Qf2 f5 35. exf5 Bxf5 36. Be2 Rc2 37. Bxh5 Qxh5 38. Qf3 Be4 39. Qg4 Rxh2 0-1

[Event "Kiev Independence Cup-A 10th"]
[Site "Kiev"]
[Date "2010.08.15"]
[Round "4"]
[White "Golubka, Petro"]
[Black "Grinev, Valeriy"]
[Result "1-0"]
[WhiteElo "2362"]
[BlackElo "2336"]
[WhiteFideId "-1"]
[BlackFideId "-1"]
[PlyCount "85"]
[GameId "1166653435838464"]
[EventDate "2010.08.12"]
[EventType "swiss"]
[EventRounds "11"]
[EventCountry "UKR"]
[SourceTitle "CBM 138 Extra"]
[Source "ChessBase"]
[SourceDate "2010.10.29"]
[SourceVersion "1"]
[SourceVersionDate "2010.10.29"]
[SourceQuality "1"]

1. e4 e5 2. Nf3 Nc6 3. Bb5 a6 4. Ba4 Nf6 5. O-O Be7 6. Re1 b5 7. Bb3 d6 8. c3 O-O 9. h3 Na5 10. Bc2 c5 11. d4 Qc7 12. d5 Nb7 13. b3 Nd8 14. Nbd2 Ne8 15. a4 Rb8 16. axb5 axb5 17. Nf1 g6 18. b4 c4 19. Bh6 Ng7 20. Ra5 f6 21. Ng3 Nf7 22. Bd2 Bd7 23. Qe2 f5 24. exf5 gxf5 25. Rea1 Bd8 26. Nh2 Qc8 27. Ra6 Bb6 28. Nhf1 Qd8 29. Nh5 Qh4 30. Nxg7 Kxg7 31. Be3 Bxe3 32. Nxe3 Kf6 33. Ra7 Rbd8 34. Rxd7 Rxd7 35. Nxf5 Qg5 36. h4 Qf4 37. g3 Rg8 38. Kh2 Qg4 39. f3 Qg6 40. g4 Rgd8 41. f4 h6 42. Rf1 Re8 43. Nxd6 1-0

[Event "Kiev Independence Cup-A 10th"]
[Site "Kiev"]
[Date "2010.08.16"]
[Round "5"]
[White "Kosikov, Alexey I"]
[Black "Golubka, Petro"]
[Result "1/2-1/2"]
[WhiteElo "2407"]
[BlackElo "2362"]
[WhiteFideId "-1"]
[BlackFideId "-1"]
[PlyCount "95"]
[GameId "1166653435973632"]
[EventDate "2010.08.12"]
[EventType "swiss"]
[EventRounds "11"]
[EventCountry "UKR"]
[SourceTitle "CBM 138 Extra"]
[Source "ChessBase"]
[SourceDate "2010.10.29"]
[SourceVersion "1"]
[SourceVersionDate "2010.10.29"]
[SourceQuality "1"]

1. c4 c5 2. Nc3 e6 3. e4 Nc6 4. Nf3 a6 5. Be2 Nf6 6. O-O Qc7 7. a3 Be7 8. d4 cxd4 9. Nxd4 O-O 10. Be3 d6 11. Rc1 Nxd4 12. Bxd4 b6 13. f3 Rb8 14. b4 Bd7 15. Qd2 Qb7 16. Rfd1 Rfd8 17. Qb2 Be8 18. a4 Rbc8 19. Bf1 Nd7 20. Qf2 Bf8 21. Kh1 Rb8 22. Qg3 Ne5 23. c5 bxc5 24. bxc5 f6 25. cxd6 Bxd6 26. f4 Ng6 27. e5 fxe5 28. fxe5 Bc7 29. Qe3 Bc6 30. Rb1 Qa8 31. Rxb8 Rxb8 32. Rc1 Rf8 33. Kg1 Nh4 34. Qh3 Nf5 35. Bc5 Re8 36. Re1 Qd8 37. Qd3 Qxd3 38. Bxd3 Ba5 39. Rc1 Bxc3 40. Rxc3 Bxa4 41. Bxa6 h5 42. h3 Bc6 43. Be2 h4 44. Bf2 Bd5 45. Bh5 Ra8 46. Bg6 Ne7 47. Bc2 Nf5 48. Bxf5 1/2-1/2

[Event "Kiev Independence Cup-A 10th"]
[Site "Kiev"]
[Date "2010.08.20"]
[Round "9"]
[White "Golubka, Petro"]
[Black "Terekhov, Andrey"]
[Result "1/2-1/2"]
[WhiteElo "2362"]
[BlackElo "2303"]
[WhiteFideId "-1"]
[BlackFideId "-1"]
[PlyCount "78"]
[GameId "1166653436379136"]
[EventDate "2010.08.12"]
[EventType "swiss"]
[EventRounds "11"]
[EventCountry "UKR"]
[SourceTitle "CBM 138 Extra"]
[Source "ChessBase"]
[SourceDate "2010.10.29"]
[SourceVersion "1"]
[SourceVersionDate "2010.10.29"]
[SourceQuality "1"]

1. e4 c5 2. Nf3 e6 3. c4 Nc6 4. Nc3 e5 5. g3 d6 6. Bg2 g6 7. O-O Bg7 8. d3 Nge7 9. a3 O-O 10. Nh4 Be6 11. Rb1 Qd7 12. b4 b6 13. Kh1 Rad8 14. bxc5 dxc5 15. Nd5 Nd4 16. f4 exf4 17. Bxf4 f6 18. Nf3 Nec6 19. Nxd4 Nxd4 20. a4 Bg4 21. Qd2 Qxa4 22. Bc7 Ra8 23. Bd6 Qd7 24. Bxf8 Rxf8 25. Rf2 Be6 26. Nf4 Bf7 27. Bh3 Qb7 28. Qa2 Re8 29. Ra1 f5 30. Qxa7 Qxa7 31. Rxa7 fxe4 32. dxe4 Bxc4 33. Nd5 Nc6 34. Rc7 Ne5 35. Nxb6 Bd3 36. Bg2 Ng4 37. Ra2 Rb8 38. e5 Bxe5 39. Bd5+ Kh8 1/2-1/2

[Event "Myrgorod op"]
[Site "Myrgorod UKR"]
[Date "2010.07.11"]
[Round "5"]
[White "Golubka, Petro"]
[Black "Galakhov, Sergey"]
[Result "1/2-1/2"]
[WhiteElo "2362"]
[BlackElo "2188"]
[WhiteFideId "-1"]
[BlackFideId "-1"]
[PlyCount "59"]
[GameId "2129405077634416"]
[EventDate "2010.07.09"]
[EventType "swiss"]
[EventRounds "9"]
[EventCountry "UKR"]

1. d4 Nf6 2. c4 e6 3. Nf3 b6 4. a3 Ba6 5. Qc2 Bb7 6. Nbd2 c5 7. e3 cxd4 8. exd4 Be7 9. Bd3 d5 10. b3 Nc6 11. Bb2 Rc8 12. O-O dxc4 13. bxc4 O-O 14. Qd1 Nh5 15. Re1 g6 16. Ne4 Na5 17. Rc1 Ba6 18. Ned2 Bf6 19. a4 Bg7 20. g3 Nc6 21. Nb3 Qd7 22. Bf1 Rfd8 23. Qd2 Bb7 24. Qe3 Nf6 25. Bh3 h5 26. d5 Ng4 27. Bxg4 hxg4 28. Bxg7 Kxg7 29. dxc6 Qxc6 30. Nbd4 $11 1/2-1/2

[Event "Myrgorod op"]
[Site "Myrgorod UKR"]
[Date "2010.07.12"]
[Round "6"]
[White "Shkuran, Daniil"]
[Black "Golubka, Petro"]
[Result "1/2-1/2"]
[WhiteElo "2383"]
[BlackElo "2362"]
[WhiteFideId "-1"]
[BlackFideId "-1"]
[PlyCount "37"]
[GameId "2129405077634458"]
[EventDate "2010.07.09"]
[EventType "swiss"]
[EventRounds "9"]
[EventCountry "UKR"]

1. e4 c5 2. c3 d5 3. exd5 Qxd5 4. d4 Nf6 5. Nf3 cxd4 6. cxd4 e6 7. Nc3 Qd8 8. Bc4 Nc6 9. a3 Be7 10. O-O O-O 11. h3 b6 12. Be3 Na5 13. Bd3 Bb7 14. Qe2 Rc8 15. Nd2 g6 16. Rac1 Re8 17. Rfd1 Bf8 18. b4 Nc6 19. Nf3 $11 1/2-1/2

[Event "Myrgorod op"]
[Site "Myrgorod UKR"]
[Date "2010.07.13"]
[Round "8"]
[White "Shtanko, Dmytro"]
[Black "Golubka, Petro"]
[Result "1/2-1/2"]
[WhiteElo "2332"]
[BlackElo "2362"]
[WhiteFideId "-1"]
[BlackFideId "-1"]
[PlyCount "115"]
[GameId "2129405077634511"]
[EventDate "2010.07.09"]
[EventType "swiss"]
[EventRounds "9"]
[EventCountry "UKR"]

1. e4 c5 $11 2. c3 Nf6 3. e5 Nd5 4. d4 cxd4 5. cxd4 d6 6. Bc4 Nb6 7. Bb5+ Bd7 8. Bxd7+ Qxd7 9. Nf3 Nc6 10. O-O e6 11. Nc3 dxe5 12. dxe5 Qxd1 13. Rxd1 Bb4 14. Nb5 O-O 15. Bg5 h6 16. Bh4 Nd5 17. a3 a6 18. Nbd4 Nxd4 19. Rxd4 Bc5 20. Rc4 Bb6 21. Rac1 Bd8 22. Bxd8 Rfxd8 23. Kf1 Kf8 24. g3 Ke7 25. Nd4 Kd7 26. Nb3 b6 27. Rg4 g6 28. Rh4 h5 29. Rhc4 Rac8 30. Nd2 Rxc4 31. Rxc4 Rg8 32. h4 Rb8 33. Ne4 Ra8 34. Ke2 Rb8 35. Kd3 Rf8 36. Ng5 Ke7 37. b4 Rd8 38. Kc2 Rf8 39. Kb3 Ra8 40. Nf3 Kd7 41. Nd4 Ne7 42. Rc3 Rb8 43. a4 Ra8 44. a5 bxa5 45. bxa5 Rb8+ 46. Ka3 Rb1 $11 47. Rb3 Ra1+ 48. Kb2 Ra4 49. Rb7+ Kd8 50. Nb3 Nc6 51. Rxf7 Nxe5 52. Ra7 Nd3+ 53. Kc2 Nxf2 54. Rxa6 Rc4+ 55. Kd2 Ne4+ 56. Kd3 Rc3+ 57. Kxe4 Rxb3 58. Rxe6 1/2-1/2

[Event "Myrhorod op"]
[Site "Myrhorod"]
[Date "2010.07.09"]
[Round "1"]
[White "Golubka, Petro"]
[Black "Baranovsky, Sergey"]
[Result "1-0"]
[WhiteElo "2362"]
[BlackElo "2057"]
[WhiteFideId "-1"]
[BlackFideId "-1"]
[PlyCount "125"]
[GameId "1166653279014912"]
[EventDate "2010.07.09"]
[EventType "swiss"]
[EventRounds "9"]
[EventCountry "UKR"]
[SourceTitle "CBM 137 Extra"]
[Source "ChessBase"]
[SourceDate "2010.09.01"]
[SourceVersion "1"]
[SourceVersionDate "2010.09.01"]
[SourceQuality "1"]

1. e4 b6 2. c4 Bb7 3. Nc3 e6 4. Nf3 Bb4 5. Bd3 Nf6 6. Qc2 d6 7. O-O Nbd7 8. Na4 a5 9. Re1 Bc6 10. Bf1 O-O 11. a3 Bxa4 12. Qxa4 b5 13. Qc2 Bc5 14. d4 Ba7 15. cxb5 e5 16. dxe5 Ng4 17. Re2 Ndxe5 18. Nxe5 Nxe5 19. Be3 Qd7 20. Bxa7 Rxa7 21. Re3 a4 22. Rc1 f5 23. Rc3 fxe4 24. Qxe4 Qf7 25. f4 Qf6 26. Qe3 Ng4 27. Qd2 Qe7 28. Qd4 c5 29. bxc6 Rc7 30. h3 Nf6 31. Re3 Qd8 32. Qxa4 d5 33. Qd4 Qd6 34. Qe5 Rxc6 35. Qxd6 Rxd6 36. Re7 d4 37. Rd1 Rfd8 38. Bc4+ Kh8 39. Rd3 Rc8 40. b3 h6 41. a4 Rc5 42. Re5 Rc8 43. a5 Rc7 44. a6 Rd8 45. g3 g6 46. Kg2 Kg7 47. Kf3 h5 48. Re6 Rdd7 49. g4 hxg4+ 50. hxg4 g5 51. fxg5 Nh7 52. Re5 Kg6 53. Kf4 Rd8 54. Be6 Rc1 55. Bf5+ Kg7 56. Re7+ Kg8 57. Bxh7+ Kf8 58. Re2 Rf1+ 59. Kg3 Rg1+ 60. Kf3 Rf1+ 61. Kg2 Ra1 62. Rf3+ Kg7 63. Bd3 1-0

[Event "Myrhorod op"]
[Site "Myrhorod"]
[Date "2010.07.09"]
[Round "2"]
[White "Padalka, Artem"]
[Black "Golubka, Petro"]
[Result "0-1"]
[WhiteElo "2157"]
[BlackElo "2362"]
[WhiteFideId "-1"]
[BlackFideId "-1"]
[PlyCount "50"]
[GameId "1166653279158272"]
[EventDate "2010.07.09"]
[EventType "swiss"]
[EventRounds "9"]
[EventCountry "UKR"]
[SourceTitle "CBM 137 Extra"]
[Source "ChessBase"]
[SourceDate "2010.09.01"]
[SourceVersion "1"]
[SourceVersionDate "2010.09.01"]
[SourceQuality "1"]

1. e4 c5 2. Nf3 d6 3. d4 cxd4 4. Nxd4 a6 5. Bc4 Nf6 6. O-O e6 7. f4 b5 8. Bb3 Bb7 9. e5 dxe5 10. fxe5 Ne4 11. c3 Nc5 12. Bc2 Qc7 13. b4 Ne4 14. Qh5 g6 15. Qf3 Nd2 16. Qf6 Nxf1 17. Qxh8 Nc6 18. Nf3 Nxb4 19. Bb3 Bxf3 20. gxf3 Nd3 21. Ba3 O-O-O 22. Qxh7 Qb6+ 23. Kh1 Qf2 24. Qh3 Nf4 25. Qg3 Nxg3+ 0-1

[Event "Myrhorod op"]
[Site "Myrhorod"]
[Date "2010.07.10"]
[Round "3"]
[White "Golubka, Petro"]
[Black "Kisel, Nikita"]
[Result "1-0"]
[WhiteElo "2362"]
[BlackElo "1988"]
[WhiteFideId "-1"]
[BlackFideId "-1"]
[PlyCount "59"]
[GameId "1166653279240192"]
[EventDate "2010.07.09"]
[EventType "swiss"]
[EventRounds "9"]
[EventCountry "UKR"]
[SourceTitle "CBM 137 Extra"]
[Source "ChessBase"]
[SourceDate "2010.09.01"]
[SourceVersion "1"]
[SourceVersionDate "2010.09.01"]
[SourceQuality "1"]

1. c4 Nf6 2. Nc3 g6 3. g3 Bg7 4. Bg2 c6 5. Nf3 O-O 6. O-O d5 7. cxd5 cxd5 8. d4 Nc6 9. Ne5 e6 10. f4 Nd7 11. Be3 Ndxe5 12. dxe5 f6 13. exf6 Bxf6 14. Bf2 Qa5 15. e4 d4 16. e5 Be7 17. Ne4 Rd8 18. a3 Qb6 19. Rb1 a5 20. Qg4 a4 21. h4 Kg7 22. h5 Qc7 23. Rbc1 Qd7 24. Rfd1 Qe8 25. Nf6 Bxf6 26. exf6+ Kf7 27. Qh4 d3 28. hxg6+ hxg6 29. Qh7+ Kxf6 30. g4 1-0

[Event "Myrhorod op"]
[Site "Myrhorod"]
[Date "2010.07.13"]
[Round "7"]
[White "Golubka, Petro"]
[Black "Malienko, Alexander"]
[Result "1-0"]
[WhiteElo "2362"]
[BlackElo "2184"]
[WhiteFideId "-1"]
[BlackFideId "-1"]
[PlyCount "81"]
[GameId "1166653279670272"]
[EventDate "2010.07.09"]
[EventType "swiss"]
[EventRounds "9"]
[EventCountry "UKR"]
[SourceTitle "CBM 137 Extra"]
[Source "ChessBase"]
[SourceDate "2010.09.01"]
[SourceVersion "1"]
[SourceVersionDate "2010.09.01"]
[SourceQuality "1"]

1. c4 Nf6 2. Nc3 e5 3. Nf3 Nc6 4. e3 Be7 5. a3 O-O 6. Qc2 a5 7. Be2 Re8 8. O-O Bc5 9. Rd1 d6 10. d4 Ba7 11. h3 e4 12. Nd2 Bf5 13. Nf1 h5 14. Rb1 Bg6 15. b4 axb4 16. axb4 Bxd4 17. b5 Bxc3 18. bxc6 Be5 19. cxb7 Rb8 20. c5 Nh7 21. cxd6 cxd6 22. Ng3 Qh4 23. Ba3 Qe7 24. Qc6 h4 25. Nf1 Red8 26. Nd2 Nf6 27. Nc4 Ne8 28. Nxe5 Qxe5 29. Rb5 Qe7 30. Rb6 Rd7 31. Ba6 Rc7 32. Qd5 Rd7 33. Rc1 Nc7 34. Qxd6 Qd8 35. Rxc7 Rxd6 36. Bxd6 Bf5 37. Rbc6 Kh7 38. Rxf7 Bd7 39. Rc7 Bf5 40. Rxg7+ Kh8 41. Be5 1-0

[Event "Nabokov Memorial-B 8th"]
[Site "Kiev"]
[Date "2010.06.05"]
[Round "1"]
[White "Kozak, Leonid"]
[Black "Golubka, Petro"]
[Result "1/2-1/2"]
[WhiteElo "2333"]
[BlackElo "2348"]
[WhiteFideId "-1"]
[BlackFideId "-1"]
[PlyCount "74"]
[GameId "1166653154451456"]
[EventDate "2010.06.05"]
[EventType "tourn"]
[EventRounds "11"]
[EventCountry "UKR"]
[EventCategory "4"]
[SourceTitle "CBM 136 Extra"]
[Source "ChessBase"]
[SourceDate "2010.07.02"]
[SourceVersion "2"]
[SourceVersionDate "2010.07.15"]
[SourceQuality "1"]

1. d4 d5 2. c4 e6 3. Nc3 c5 4. cxd5 exd5 5. Nf3 Nc6 6. g3 Nf6 7. Bg2 Be7 8. O-O h6 9. dxc5 Bxc5 10. Na4 Be7 11. Be3 O-O 12. Rc1 Re8 13. Nd4 Bd7 14. Nc5 Bxc5 15. Nxc6 bxc6 16. Bxc5 Ne4 17. Bd4 Ng5 18. Re1 Qa5 19. a3 Rad8 20. Rc5 Qa6 21. Qd2 Qb7 22. Ra5 a6 23. b4 f6 24. Qd3 Bc8 25. Rc1 Ne4 26. e3 Kf8 27. Qc2 Bd7 28. Bf1 Ra8 29. Bd3 Nd6 30. Qe2 Bf5 31. Bxa6 Qd7 32. Qb2 Be4 33. Be2 Nc4 34. Bxc4 dxc4 35. Rxc4 Rxa5 36. bxa5 Qf5 37. Bb6 Qf3 1/2-1/2

[Event "Nabokov Memorial-B 8th"]
[Site "Kiev"]
[Date "2010.06.10"]
[Round "6"]
[White "Golubka, Petro"]
[Black "Moliboga, Vladimir"]
[Result "1/2-1/2"]
[WhiteElo "2348"]
[BlackElo "2241"]
[WhiteFideId "-1"]
[BlackFideId "-1"]
[PlyCount "79"]
[GameId "1166653154570240"]
[EventDate "2010.06.05"]
[EventType "tourn"]
[EventRounds "11"]
[EventCountry "UKR"]
[EventCategory "4"]
[SourceTitle "CBM 136 Extra"]
[Source "ChessBase"]
[SourceDate "2010.07.02"]
[SourceVersion "2"]
[SourceVersionDate "2010.07.15"]
[SourceQuality "1"]

1. e4 e5 2. Nf3 Nc6 3. Bb5 f5 4. d3 fxe4 5. dxe4 Bc5 6. Qd5 Bb4+ 7. c3 Nf6 8. Qc4 Bd6 9. Ba4 a6 10. Bb3 Qe7 11. Qe2 Bc5 12. Bd5 d6 13. Bg5 h6 14. Bxf6 Qxf6 15. Nbd2 Ne7 16. O-O-O c6 17. Bb3 b5 18. Rhf1 Bg4 19. h3 Ng6 20. g3 Bxh3 21. Rh1 Bg4 22. Rdf1 Rf8 23. Bd1 Be6 24. Ne1 d5 25. Nd3 Bd6 26. f4 exf4 27. gxf4 Nxf4 28. Nxf4 Bxf4 29. Rxf4 Qxf4 30. exd5 Rf6 31. dxe6 Rd8 32. Rg1 g5 33. e7 Rd7 34. Re1 g4 35. Rf1 Qxd2+ 36. Qxd2 Rxf1 37. Qxh6 Rfxd1+ 38. Kc2 R1d2+ 39. Kb3 Kxe7 40. Qg5+ 1/2-1/2

[Event "Nabokov Memorial-B 8th"]
[Site "Kiev"]
[Date "2010.06.12"]
[Round "8"]
[White "Golubka, Petro"]
[Black "Pesotsky, Vitaly"]
[Result "1/2-1/2"]
[WhiteElo "2348"]
[BlackElo "2282"]
[WhiteFideId "-1"]
[BlackFideId "-1"]
[PlyCount "60"]
[GameId "1166653154619392"]
[EventDate "2010.06.05"]
[EventType "tourn"]
[EventRounds "11"]
[EventCountry "UKR"]
[EventCategory "4"]
[SourceTitle "CBM 136 Extra"]
[Source "ChessBase"]
[SourceDate "2010.07.02"]
[SourceVersion "2"]
[SourceVersionDate "2010.07.15"]
[SourceQuality "1"]

1. e4 Nf6 2. d3 d5 3. Nd2 Nc6 4. Ngf3 e5 5. g3 Be7 6. Bg2 O-O 7. O-O Re8 8. c3 Bf8 9. h3 h6 10. Qc2 Be6 11. Kh2 a6 12. b4 dxe4 13. dxe4 Nd7 14. a3 Nb6 15. c4 Nd4 16. Nxd4 exd4 17. Qd3 c5 18. f4 cxb4 19. f5 Bd7 20. f6 g6 21. axb4 Bxb4 22. Rb1 Bc5 23. Nb3 Bf8 24. Na5 Be6 25. e5 Rb8 26. Ba3 Bxa3 27. Qxa3 Kh7 28. Nxb7 Rxb7 29. Bxb7 Nxc4 30. Qc5 Nd2 1/2-1/2

[Event "Nabokov Memorial-B 8th"]
[Site "Kiev"]
[Date "2010.06.13"]
[Round "9"]
[White "Maljush, Andrej"]
[Black "Golubka, Petro"]
[Result "0-1"]
[WhiteElo "2342"]
[BlackElo "2348"]
[WhiteFideId "-1"]
[BlackFideId "-1"]
[PlyCount "144"]
[GameId "1166653154648064"]
[EventDate "2010.06.05"]
[EventType "tourn"]
[EventRounds "11"]
[EventCountry "UKR"]
[EventCategory "4"]
[SourceTitle "CBM 136 Extra"]
[Source "ChessBase"]
[SourceDate "2010.07.02"]
[SourceVersion "2"]
[SourceVersionDate "2010.07.15"]
[SourceQuality "1"]

1. e4 c5 2. Nc3 e6 3. g3 Nc6 4. Bg2 Nf6 5. Nge2 a6 6. a4 Be7 7. O-O O-O 8. d4 cxd4 9. Nxd4 Qc7 10. Be3 Na5 11. Bf4 d6 12. Nde2 h6 13. h3 Bd7 14. b3 Rfd8 15. Qd3 Nc6 16. Rfd1 e5 17. Be3 Nb4 18. Qd2 b6 19. Nb5 axb5 20. Qxb4 Rdc8 21. c4 bxa4 22. Nc3 axb3 23. Rxa8 Rxa8 24. Qxb3 Be6 25. Bf1 Nd7 26. f4 exf4 27. gxf4 Nc5 28. Qc2 Bf8 29. f5 Bd7 30. Qg2 Kh8 31. Qg4 Bc6 32. Nd5 Bxd5 33. Rxd5 Nd7 34. Qh4 Ne5 35. Qf2 Nxc4 36. Bd4 Rb8 37. Qf4 Ne5 38. Bxe5 dxe5 39. Qxe5 Qxe5 40. Rxe5 Bc5+ 41. Kg2 g5 42. Bc4 Kg7 43. Rd5 Kf6 44. Kf3 Re8 45. Rd7 Re7 46. Rd8 h5 47. Bd3 Re5 48. Rd5 Re7 49. Rd8 Re5 50. Rh8 Kg7 51. Rb8 Re7 52. Rd8 Ba3 53. Rb8 Bc5 54. Rd8 f6 55. Bc4 Ra7 56. Kg2 Bb4 57. Bd5 Bc5 58. Rb8 Bd4 59. Kf1 Ra3 60. Rb7+ Kf8 61. Kg2 h4 62. e5 Rg3+ 63. Kf1 Bxe5 64. Bg2 Rb3 65. Ke1 b5 66. Bf1 b4 67. Kd2 Rf3 68. Ke2 Rb3 69. Kd2 Rb1 70. Be2 b3 71. Bf3 b2 72. Be4 Rg1 0-1

[Event "Nabokov Memorial-B 8th"]
[Site "Kiev"]
[Date "2010.06.14"]
[Round "10"]
[White "Golubka, Petro"]
[Black "Solomaha, Andrey"]
[Result "1-0"]
[WhiteElo "2348"]
[BlackElo "2297"]
[WhiteFideId "-1"]
[BlackFideId "-1"]
[PlyCount "111"]
[GameId "1166653154668544"]
[EventDate "2010.06.05"]
[EventType "tourn"]
[EventRounds "11"]
[EventCountry "UKR"]
[EventCategory "4"]
[SourceTitle "CBM 136 Extra"]
[Source "ChessBase"]
[SourceDate "2010.07.02"]
[SourceVersion "2"]
[SourceVersionDate "2010.07.15"]
[SourceQuality "1"]

1. c4 Nf6 2. Nc3 g6 3. Nf3 Bg7 4. g3 O-O 5. Bg2 d6 6. O-O e5 7. d3 Na6 8. Rb1 Nc5 9. b4 Ne6 10. e3 Re8 11. Qc2 Nh5 12. Rd1 f5 13. c5 g5 14. cxd6 cxd6 15. b5 g4 16. Nh4 f4 17. d4 exd4 18. exd4 f3 19. Bf1 Nxd4 20. Qd3 Qe7 21. Be3 Ne2+ 22. Nxe2 fxe2 23. Bxe2 Be5 24. Nf5 Bxf5 25. Qxf5 Nf6 26. Bxg4 Nxg4 27. Qxg4+ Kh8 28. Rbc1 Qf7 29. Qc4 Qd7 30. Qd5 Bg7 31. Qxd6 Qxb5 32. Rb1 Qa5 33. Rxb7 Red8 34. Rd7 Rxd7 35. Qxd7 Qxa2 36. Qb7 Rf8 37. Qxa7 Qc2 38. Qd7 Qe4 39. Bd4 Bxd4 40. Qxd4+ Qxd4 41. Rxd4 Kg7 42. Kg2 Ra8 43. Rd5 Ra3 44. h3 Rb3 45. g4 Ra3 46. f3 Kf6 47. Kg3 Ra1 48. Rf5+ Kg6 49. Rb5 Ra3 50. Rb6+ Kg7 51. h4 Ra4 52. g5 Rc4 53. Re6 Kf7 54. Re4 Rc1 55. Ra4 Rc6 56. Kg4 1-0